| 000 | 00785nam a2200253Ia 4500 | ||
|---|---|---|---|
| 003 | OSt | ||
| 005 | 20221005113205.0 | ||
| 006 | a|||||r|||| 00| 0 | ||
| 007 | ta | ||
| 008 | 221004b |||||||| |||| 00| 0 pan d | ||
| 020 | _c357 | ||
| 024 | _a26587 | ||
| 037 |
_b995, 17/12/2015, H.K. Prakashan _cTextual |
||
| 040 |
_aCRL _cCRL _bpan |
||
| 041 |
_2pan _apan |
||
| 082 | _aO153v, Q1.2 | ||
| 245 | 0 | _aਪੰਜਾਬੀ ਸਾਹਿਤ ਦਾ ਇਤਿਹਾਸ | |
| 260 |
_aਪੰਜਾਬ _bਭਾFਾ ਵਿਭਾਗ ਭਾਰਤ _c2011 |
||
| 300 |
_a632ਪੰ _ccm. |
||
| 490 | _vਭਾਗ ਦੂਜਾ | ||
| 650 | _aਪੰਜਾਬੀ ਸਾਹਿਤ | ||
| 942 |
_hO153v, Q1.2 _cTEXL _2cc |
||
| 999 |
_c1027346 _d1027346 |
||